Heat transfer (Record no. 3641)

000 -LEADER
fixed length control field 00564nam a2200229 a 4500
001 - CONTROL NUMBER
control field 3641
003 - CONTROL NUMBER IDENTIFIER
control field BD-DhUET
008 - FIXED-LENGTH DATA ELEMENTS--GENERAL INFORMATION
fixed length control field 960506s1997 nyua b 001 0 eng
020 ## - INTERNATIONAL STANDARD BOOK NUMBER
International Standard Book Number 0071143203
020 ## - INTERNATIONAL STANDARD BOOK NUMBER
International Standard Book Number 0078447852
040 ## - CATALOGING SOURCE
Original cataloging agency DLC
Transcribing agency DLC
Modifying agency BD-DhUET
082 00 - DEWEY DECIMAL CLASSIFICATION NUMBER
Classification number 621.011
Item number HOL/1997
100 1# - MAIN ENTRY--PERSONAL NAME
Personal name Holman, J. P.
245 10 - TITLE STATEMENT
Title Heat transfer
250 ## - EDITION STATEMENT
Edition statement 8th ed.
260 ## - PUBLICATION, DISTRIBUTION, ETC. (IMPRINT)
Place of publication, distribution, etc. New York
Name of publisher, distributor, etc. McGraw-Hill
Date of publication, distribution, etc. 1997
300 ## - PHYSICAL DESCRIPTION
Extent xviii, 696 p.
Other physical details ill.
490 ## - SERIES STATEMENT
Series statement Schaum's outline series
504 ## - BIBLIOGRAPHY, ETC. NOTE
Bibliography, etc Includes bibliographies
650 #0 - SUBJECT ADDED ENTRY--TOPICAL TERM
Topical term or geographic name as entry element Heat transfer
942 ## - ADDED ENTRY ELEMENTS (KOHA)
Koha item type General Book
Holdings
Shelving location Koha item type Koha out on loan Lost status Location (home branch) Price effective from Damaged status Copy number Withdrawn status Koha normalized classification for sorting Source of classification or shelving scheme Sublocation or collection (holding branch) Not for loan Piece designation (barcode) Date acquired Koha full call number Koha date last seen Koha issues (times borrowed) Koha date last borrowed
Circulation sectionGeneral Book2025-05-11 Central Library, BUET2014-11-03 1 621_011000000000000_HOL_1997 Central Library, BUET 924502014-11-03621.011/HOL/19972025-04-2732025-04-27
Circulation sectionGeneral Book  Central Library, BUET2014-11-03 2 621_011000000000000_HOL_1997 Central Library, BUET 924522014-11-03621.011/HOL/19972014-11-03  
Circulation sectionGeneral Book  Central Library, BUET2014-11-03 3 621_000000000000000_011HOL1997 Central Library, BUET 924532014-11-03621.011/HOL/19972016-07-30  
Circulation sectionGeneral Book  Central Library, BUET2014-11-03 4 621_000000000000000_011HOL1997 Central Library, BUET 924542014-11-03621.011/HOL/19972022-06-0812022-01-09
Circulation sectionGeneral Book  Central Library, BUET2014-11-03 5 621_000000000000000_011HOL1997 Central Library, BUET 924552014-11-03621.011/HOL/19972024-10-2822024-10-02
Circulation sectionGeneral Book  Central Library, BUET2014-11-03 6 621_000000000000000_011HOL1997 Central Library, BUET 924572014-11-03621.011/HOL/19972024-08-3132023-12-10
Circulation sectionGeneral Book  Central Library, BUET2014-11-03 7 621_000000000000000_011HOL1997 Central Library, BUET 924592014-11-03621.011/HOL/19972014-11-03  
Circulation sectionGeneral Book  Central Library, BUET2014-11-03 8 621_011000000000000_HOL_1997 Central Library, BUET 924602014-11-03621.011/HOL/19972024-08-2812024-03-12
Circulation sectionGeneral Book  Central Library, BUET2014-11-03 9 621_000000000000000_011HOL1997 Central Library, BUET 924612014-11-03621.011/HOL/19972024-06-2212024-04-08
Circulation sectionGeneral Book  Central Library, BUET2014-11-03 10 621_000000000000000_011HOL1997 Central Library, BUET 924622014-11-03621.011/HOL/19972025-03-1252024-12-10
Circulation sectionGeneral Book  Central Library, BUET2014-11-03 11 621_000000000000000_011HOL1997 Central Library, BUET 924642014-11-03621.011/HOL/19972017-05-0312015-03-04
Circulation sectionGeneral Book  Central Library, BUET2014-11-03 12 621_000000000000000_011HOL1997 Central Library, BUET 924652014-11-03621.011/HOL/19972019-07-1032019-06-17
Circulation sectionGeneral Book  Central Library, BUET2014-11-03 13 621_000000000000000_011HOL1997 Central Library, BUET 924662014-11-03621.011/HOL/19972022-06-0832022-05-24
Circulation sectionGeneral Book  Central Library, BUET2015-04-12 14 621_011000000000000_HOL_1997 Central Library, BUET 924682015-04-12621.011 HOL/19972015-04-12  
Reading sectionReading Item  Central Library, BUET2015-07-02 15 621_011000000000000_HOL_1997 Central Library, BUET 924472015-07-02621.011/HOL/19972015-07-02  
Reading sectionReading Item  Central Library, BUET2015-07-09 16 621_011000000000000_HOL_1997 Central Library, BUET 924462015-07-09621.011/HOL/19972015-07-09